000 00605nam a2200289Ia 4500
005 20260401122119.0
008 008 250103s9999 xx 000 0 eng d
037 _aTB
040 _aEDL
040 _beng
040 _cEDL
041 _2eng
041 _aeng
084 _a821.7 BLA
084 _qEDL
100 _aBlake, William
_91232634
245 0 _aComplete Poems
245 0 _cBlake, William
260 _aLondon
260 _bRoutledge
260 _c1977
300 _a1071p
942 _cTB
942 _h821.7 BLA
999 _c1845001
_d1845001